Arsenal FC Current Squad - Statistics

General Stats
  • This quiz has been taken 103 times
    17 since last reset
  • The average score is 26 of 36
Answer Stats
# Position Nation Player Name % Correct
4 DF England Ben White
100%
7 FW England Bukayo Saka
100%
1 GK Spain David Raya
100%
11 FW Brazil Gabriel Martinelli
100%
8 MF Norway Martin Ødegaard
100%
2 DF France William Saliba
100%
41 MF England Declan Rice
93%
9 FW Brazil Gabriel Jesus
93%
6 DF Brazil Gabriel Magalhães
93%
15 DF Poland Jakub Kiwior
93%
19 FW Belgium Leandro Trossard
93%
36 MF Spain Martín Zubimendi
93%
- Coach Spain Mikel Arteta
93%
33 DF Italy Riccardo Calafiori
93%
14 FW Sweden Viktor Gyökeres
93%
16 MF Denmark Christian Nørgaard
87%
12 DF Netherlands Jurriën Timber
87%
29 MF Germany Kai Havertz
87%
13 GK Spain Kepa Arrizabalaga
87%
23 MF Spain Mikel Merino
87%
17 DF Ukraine Oleksandr Zinchenko
87%
3 DF Spain Cristhian Mosquera
80%
20 FW England Noni Madueke
80%
10 MF England Eberechi Eze
73%
22 MF England Ethan Nwaneri
73%
49 MF England Myles Lewis-Skelly
73%
56 FW England Max Dowman
67%
21 MF Portugal Fábio Vieira
60%
28 MF Belgium Albert Sambi Lokonga
40%
31 GK Estonia Karl Hein
33%
35 GK England Tommy Setford
33%
92 GK England Jack Porter
13%
64 FW England Charles Sagoe Jr
7%
51 DF England Josh Nichols
7%
47 DF Albania Maldini Kacurri
7%
46 FW Netherlands Ismeal Kabia
0%
No matching quizzes found
Score Distribution
Percent of People with Each Score
Percentile by Number Answered
Your Score History
You have not taken this quiz since the last reset